| 000 | 00920 a2200277 4500 | ||
|---|---|---|---|
| 001 | 160482 | ||
| 999 |
_c160482 _d37939 |
||
| 003 | TR-AnTOB | ||
| 005 | 20230908163918.0 | ||
| 008 | 140317s2009 tu 000 0 | ||
| 040 | _aTR-AnTOB | ||
| 041 | _atur | ||
| 050 | 4 |
_aHC492 _b.T8 2009 |
|
| 090 | _aHC492 .T8 2009 | ||
| 245 | 1 | 0 |
_aTrabzon'u geleceğe taşıyan son on yıl 1998-2008 / _cTrabzon Ticaret ve Sanayi Odası. |
| 264 | 1 |
_aTrabzon: _bTrabzon Ticaret ve Sanayi Odası, _c2009. |
|
| 300 |
_a227 p. : _bcol. ill.; _c30 cm |
||
| 500 | _a20. Yüzyıldan 21. Yüzyıla Uzanan Köprü (1998-2008) TTSO' nun 10 Yıllık Yolculuğu. | ||
| 504 | _aIncludes bibliographical references | ||
| 610 | 2 | 0 |
_aTrabzon Ticaret ve Sanayi Odası _967134 |
| 651 | 4 |
_aTrabzon (Turkey) _xEconomic conditions _967135 |
|
| 651 | 4 |
_aTrabzon (Türkiye) _xEkonomik durum _967136 |
|
| 902 | _aT001232 | ||
| 903 | _aTOBB Özel Koleksiyonu | ||
| 945 | _a?, SA | ||
| 942 | _cBK | ||